International Management: Text and Cases. (Record no. 5412)

MARC details
005 - DATE AND TIME OF LATEST TRANSACTION
control field 20250626145314.0
020 ## - INTERNATIONAL STANDARD BOOK NUMBER
International Standard Book Number 0-07-248581-7
082 ## - DEWEY DECIMAL CLASSIFICATION NUMBER
Classification number 658.049 BEA
100 ## - MAIN ENTRY--PERSONAL NAME
Author name BEAMISH, P. W.
245 ## - TITLE STATEMENT
Title International Management: Text and Cases.
250 ## - EDITION STATEMENT
Edition statement 5th Ed.
260 ## - PUBLICATION, DISTRIBUTION, ETC.
Place of publication, distribution, etc. New York,
Name of publisher, distributor, etc. McGraw Hill,
Date of publication, distribution, etc. 2003.
300 ## - PHYSICAL DESCRIPTION
Extent xii, 738p.: ill.;
Other physical details Index
Dimensions 27cm
700 ## - ADDED ENTRY--PERSONAL NAME
Other authors/Editors MORRISON, A. J.
942 ## - ADDED ENTRY ELEMENTS (KOHA)
Source of classification or shelving scheme Dewey Decimal Classification
Koha item type Books
Holdings
Date last seen Total checkouts Full call number Barcode Cost, replacement price Price effective from Koha item type Lost status Source of classification or shelving scheme Damaged status Not for loan Withdrawn status Home library Current library Shelving location Date acquired Cost, normal purchase price
06/26/2025   658.049 BEA DOM0001318 60000.00 06/26/2025 Books   Dewey Decimal Classification       CBE Dodoma CBE Dodoma General Collection 06/07/2006 20000.00
06/26/2025   658.049 BEA DOM0001319 60000.00 06/26/2025 Books   Dewey Decimal Classification       CBE Dodoma CBE Dodoma General Collection 06/07/2006 20000.00